000 00462nam a2200181 a 4500
003 DLC
005 20210219152717.0
008 991125a1977 d.f 000 0 spa u
035 _aUPN01000059391
245 0 0 _aAPOYO A LA TAREA DOCENTE
260 _aDistrito Federal, México,
_bConsejo Nacional Técnico de la Educación
260 _c1977
310 _aTrimestral
653 0 _aDOCENCIA
904 _aAC
_b000123
905 _aRevista
999 _c59382
_d59382